00702 2200241 4500001002100000005001500021035002000036007000300056008004100059082001200100084001800112100001900130245013900149250001000288260003100298300002100329650002100350700001400371700002200385700002300407856001400430990001600444INLIS00000000000606420240806011801 a0010-0921000060ta240806 0 ind  a297.266 a297.266 YUR i0 aYurnalis Uddin1 aIslam untuk Disiplin Ilmu Kedokteran dan Kesehatan I :bBuku Daras Pendidikan Agama Islam pada Perguruan Tinggi Umum /cYurnalis Uddin acet.1 aJakarta :bDEPAG RI,c1986 a231 hlm ;c21 cm 4aKedokteran islam0 aAli Akbar0 aAmirudddin Djamil0 aBambang Sudarto AB aKelas 297 a00000008268